Copywriting : pište texty, které prodávají /
Příručka nás seznamuje se základy i pokročilými technikami copywritingu.
Uloženo v:
| Hlavní autor: | |
|---|---|
| Další autoři: | , |
| Médium: | E-kniha |
| Jazyk: | Czech |
| Vydáno: |
V Brně :
Computer Press,
2020
|
| Vydání: | 2. aktualizované a rozšířené vydání |
| Témata: | |
| Tagy: |
Žádné tagy |
| LEADER | 02370nam a2200577 i 4500 | ||
|---|---|---|---|
| 001 | 311260 | ||
| 003 | CZ PrSKC | ||
| 005 | 20260601215702.0 | ||
| 007 | ta | ||
| 008 | 201204s2020 xr ac e f 000 0 cze | ||
| 015 | |a cnb003264590 | ||
| 020 | |a 9788025150177 |q (brožováno) : |c Kč 499,00 | ||
| 035 | |a (OCoLC)1230105953 | ||
| 040 | |a ABA001 |b cze |e rda | ||
| 072 | 7 | |a 659 |x Reklama. Public relations. Média |2 Konspekt | |
| 080 | |a 659.131.2 |2 MRF | ||
| 080 | |a 658.8:316.77 |2 MRF | ||
| 080 | |a 658.8:004.738.5 |2 MRF | ||
| 080 | |a 004.738.1 |2 MRF | ||
| 080 | |a (035) |2 MRF | ||
| 100 | 1 | |a Sálová, Anna |7 utb2015886636 |4 aut | |
| 245 | 1 | 0 | |a Copywriting : |b pište texty, které prodávají / |c Anna Sálová, Zuzana Veselá, Michaela Raková |
| 246 | 3 | 0 | |a Pište texty, které prodávají |
| 250 | |a 2. aktualizované a rozšířené vydání | ||
| 264 | 1 | |a V Brně : |b Computer Press, |c 2020 | |
| 300 | |a 349 stran : |b ilustrace (převážně barevné), portréty ; |c 23 cm | ||
| 336 | |a text |b txt |2 rdacontent | ||
| 337 | |a bez média |b n |2 rdamedia | ||
| 338 | |a svazek |b nc |2 rdacarrier | ||
| 500 | |a Terminologický slovník | ||
| 504 | |a Obsahuje bibliografii | ||
| 520 | 2 | |a Příručka nás seznamuje se základy i pokročilými technikami copywritingu. | |
| 546 | |a Český text | ||
| 650 | 0 | 7 | |a reklamní texty |7 ph116036 |2 czenas |
| 650 | 0 | 7 | |a marketingová komunikace |7 ph115228 |2 czenas |
| 650 | 0 | 7 | |a internetový marketing |7 ph137251 |2 czenas |
| 650 | 0 | 7 | |a webové stránky |7 ph117163 |2 czenas |
| 650 | 0 | 9 | |a advertising copy |2 eczenas |
| 650 | 0 | 9 | |a communication in marketing |2 eczenas |
| 650 | 0 | 9 | |a Internet marketing |2 eczenas |
| 650 | 0 | 9 | |a web pages |2 eczenas |
| 655 | 7 | |a příručky |7 fd133209 |2 czenas | |
| 655 | 9 | |a handbooks and manuals |2 eczenas | |
| 700 | 1 | |a Veselá, Zuzana, |d 1987- |7 utb2015886656 |4 aut | |
| 700 | 1 | |a Raková, Michaela, |d 1976- |7 hka20201093776 |4 aut | |
| 900 | |a ABA001 |b 19 | ||
| 928 | 9 | |a Albatros Media - Computer Press | |
| 044 | |a xr | ||
| 910 | |a RBIT002 | ||
| 998 | |d 264186 |a https://core.palmknihy.cz/api/books/264186/cover?si895p |b https://core.palmknihy.cz/api/books/264186/cover/400?si895p |c https://core.palmknihy.cz/api/books/264186/cover/50?si895p |e 2030-12-31 |g 352 |i 9788025150177 |k https://core.palmknihy.cz/api/books/264186/preview.pdf |l |q 49 |r 1 |s https://www.palmknihy.cz/kniha/264186 |t ebook |y 2020 |z 0 | ||
| 999 | |d 311258 | ||